000 00240 a2200097 4500
001 76706
090 _c39225
_d39225
100 _aRice, M A
245 _aCommunications & Information system for Battlefield Command
260 _bBrassey's
942 _aNUST-CAE
_k355.33041RIC
999 _c311779
_d311779